Responses for Show #4201 - Monday, December 2, 2002

Contestants

[<< previous game]

Darrell Garrison, a realtor from Antioch, California

Anne Cichocki, a recent law school graduate from Jacksonville, Florida

Raj Dhuwalia, a graduate student from Gainesville, Florida (whose 1-day cash winnings total $21,200)

[next game >>]

Jeopardy! Round responses

AMERICAN REVOLUTIONARIES
GAME SHOWS
EAT YOUR VEGGIES!
SCARY BOOKS
"WHO"s THERE?
ME & MY GALAXY
    $200 29
the Declaration of Independence

Darrell
    $200 28
"Take"

Anne
    $200 3
the tomato

Darrell
    $200 30
(Stephen) King

Darrell
    $200 27
"Who's on First?"

Darrell
    $200 1
Greek

Raj
    $400 22
Washington

Darrell
    $400 23
Supermarket Sweep

Anne
    $400 13
peas

Raj
    $400 26
a haunted house

Anne
    $400 25
a whodunnit

Darrell
    $400 2
Orion

Anne
    $600 21
Virginia

Anne
    $600 5
Weakest Link

Darrell
    $600 10
(Anne: What is cabbage?)
(Darrell: What is lettuce?)

spinach

AnneDarrell
Triple Stumper
    $600 12
"Population"

Anne
    $600 24
Who's Who

Darrell
    $600 16
spiral

Raj
    $800 18
wine

Darrell
    $800 6
Big Brother

Anne
    $800 9
onion

Triple Stumper
    $800 8
(Raj: What is a civil war?)

a nuclear war

RajAnne
    $800 4
Whose Line Is It Anyway?

Darrell
    $800 15
Sagittarius

Raj
    $1000 17
Patrick Henry

Anne
    $1000 19
Todman

Darrell
    $1000 7
peppers

Darrell
    $1,000 11
Bram Stoker

Anne
    $1000 20
Who's Afraid of Virginia Woolf?

Raj
    $1000 14
Andromeda

Raj

Scores at the first commercial break (after clue 15):

Raj Anne Darrell
$1,600 $3,000 $2,000

Scores at the end of the Jeopardy! Round:

Raj Anne Darrell
$3,200 $5,600 $5,800

Double Jeopardy! Round responses

LIGHTHOUSES
CRAFTS
SODOM & GOMORRAH
PLAYING PRESIDENT
FLOWERS
4-LETTER WORDS
    $400 26
the Coast Guard

Anne
    $400 15
(Anne: What is parchment?)
...
(Alex: They use a lot of [*] in Japan.)

rice paper

Anne
Triple Stumper
    $400 29
Genesis

Raj
    $400 1
Jefferson

Raj
    $400 4
roses

Anne
    $400 10
the bull

Anne
    $7,000 22
the Pharos Lighthouse at Alexandria

Darrell
    $800 17
putty

Anne
    $800 28
Mt. Vesuvius

Darrell
    $800 2
FDR

Raj
    $800 5
chrysanthemum

Raj
    $800 11
span

Darrell
    $1200 21
Rhode Island

Triple Stumper
    $1200 18
the warp

Raj
    $1200 23
the Dead Sea

Anne
    $1200 3
JFK

Anne
    $1200 7
orchids

Anne
    $1200 13
"Taps"

Anne
    $1600 20
Bay of Fundy

Darrell
    $1600 30
(Anne: What is calligraphy?)

bookbinding

AnneDarrell
    $1600 24
(Alex: With a minute to go.)

a pillar of salt

Darrell
    $1600 6
Eisenhower

Anne
    $3,500 8
birds of paradise

Anne
    $1600 14
(Anne: What is "Yeah, Yeah, Yeah, Yeah"? No... [Laughs])
(Alex: No, no, no, no. No, no, no, no.)
...
(Alex: What are [*]? We left out the "I" and "to".)

want hold your hand

Anne
Triple Stumper
    $2000 19
the Edmund Fitzgerald

Raj
    $2000 27
lace

Darrell
    $2000 25
fire & brimstone

Raj
    $2000 12
LBJ

Triple Stumper
    $2000 9
(Alex: A lot of people here in southern California have them in their gardens. [*], [*].)

impatiens

Triple Stumper
    $2000 16
onus

Anne

Scores at the end of the Double Jeopardy! Round:

Raj Anne Darrell
$10,800 $15,900 $21,200

[wagering suggestions for these scores]

Final Jeopardy! Round responses

2002 NEWS
(Alex: [To Raj] Who are [*] & Mr. [*]? The U.S. Treasury Secretary.)
RajWho are Bono & O'Neill?
$10,500
AnneWho are Paul O'Neill and Bono
$15,000
DarrellWho John Paul II & Mandela
$10,600
Bono & Paul O'Neill

Final scores:

Raj Anne Darrell
$21,300 $30,900 $10,600
2nd place: $2,000 New champion: $30,900 3rd place: $1,000

Game dynamics:

Coryat scores:

Raj Anne Darrell
$10,800 $14,000 $15,000
13 R,
1 W
21 R
(including 2 DDs),
4 W
19 R
(including 1 DD),
1 W

Combined Coryat: $39,800

[game clues] [game scores] [suggest correction]

Game tape date: 2002-08-27
The J! Archive is created by fans, for fans. Scraping, republication, monetization, and malicious use prohibited; this site may use cookies and collect identifying information. See terms. The Jeopardy! game show and all elements thereof, including but not limited to copyright and trademark thereto, are the property of Jeopardy Productions, Inc. and are protected under law. This website is not affiliated with, sponsored by, or operated by Jeopardy Productions, Inc. Join the discussion at JBoard.tv.